Statistics for Uk parliamentary constituencies (new boundaries)

Click here to take the quiz!

General Stats

  • This quiz has been taken 86 times
  • The average score is 350 of 650

Answer Stats

regionanswer% Correct
LondonCities of London and Westminster
96%
North WestLiverpool Garston
92%
North WestLiverpool Riverside
92%
North WestLiverpool Walton
92%
North WestLiverpool Wavertree
92%
North WestLiverpool West Derby
92%
North WestManchester Central
92%
North WestManchester Rushholme
92%
North WestManchester Withington
92%
West MidlandsNewcastle-Under-Lyne
92%
North EastNewcastle Upon Tyne Central and West
92%
North EastNewcastle Upon Tyne East and Wallsend
92%
North EastNewcastle Upon Tyne North
92%
ScotlandAberdeen North
88%
ScotlandAberdeen South
88%
Northern IrelandBelfast South and Mid Down
88%
Northern IrelandEast Londonderry
88%
EasternLuton South and South Bedfordshire
88%
Northern IrelandBelfast East
84%
Northern IrelandBelfast North
84%
Northern IrelandBelfast West
84%
West MidlandsBirmingham Hodge Hill and Solihull North
84%
ScotlandEdinburgh East and Musselburgh
84%
ScotlandEdinburgh North and Leith
84%
ScotlandEdinburgh South
84%
ScotlandEdinburgh South West
84%
ScotlandEdinburgh West
84%
ScotlandGlasgow East
84%
ScotlandGlasgow North
84%
ScotlandGlasgow North East
84%
ScotlandGlasgow South
84%
ScotlandGlasgow South West
84%
ScotlandGlasgow West
84%
ScotlandGlenrothes and Mid Fife
84%
ScotlandInverness, Skye and West Ross-shire
84%
West MidlandsKenilworth and Southam
84%
East MidlandsLincoln
84%
EasternNorwich North
84%
EasternNorwich South
84%
South EastPortsmouth North
84%
South EastPortsmouth South
84%
Yorkshire & HumberYork Central
84%
Yorkshire & HumberYork Outer
84%
EasternBedford
80%
West MidlandsBirmingham Edgbaston
80%
West MidlandsBirmingham Erdington
80%
West MidlandsBirmingham Hall Green and Moseley
80%
West MidlandsBirmingham Ladywood
80%
West MidlandsBirmingham Northfield
80%
West MidlandsBirmingham Perry Bar
80%
West MidlandsBirmingham Selly Oak
80%
West MidlandsBirmingham Yardley
80%
South EastBrighton Kemptown and Peacehaven
80%
South EastBrighton Pavillion
80%
EasternCambridge
80%
North WestCarlisle
80%
EasternCentral Suffolk and North Ipswich
80%
North WestChester North and Neston
80%
North WestChester South and Eddisbury
80%
South EastDover and Deal
80%
East MidlandsGrantham and Bourne
80%
Yorkshire & HumberKingston upon Hull East
80%
Yorkshire & HumberKingston upon Hull North and Cottingham
80%
Yorkshire & HumberKingston upon Hull West and Haltemprice
80%
Yorkshire & HumberLeeds Central and Headingley
80%
Yorkshire & HumberLeeds East
80%
Yorkshire & HumberLeeds North East
80%
Yorkshire & HumberLeeds North West
80%
Yorkshire & HumberLeeds South
80%
Yorkshire & HumberLeeds South West and Morley
80%
Yorkshire & HumberLeeds West and Pudsey
80%
East MidlandsNottingham North and Kimberley
80%
North WestOldham East and Saddleworth
80%
North WestOldham West, Chadderton and Royton
80%
South EastOxford East
80%
South EastOxford West and Abindon
80%
South EastWindsor
80%
North WestBolton North East
76%
North WestBolton South and Walkden
76%
North WestBolton West
76%
LondonBrent East
76%
LondonBrent West
76%
South WestBristol Central
76%
South WestBristol East
76%
South WestBristol North East
76%
South WestBristol North West
76%
South WestBristol South
76%
North WestBury North
76%
North WestBury South
76%
WalesCardiff East
76%
WalesCardiff North
76%
WalesCardiff South
76%
WalesCardiff West
76%
East MidlandsDerby North
76%
East MidlandsDerby South
76%
ScotlandDundee Central
76%
South WestGloucester
76%
East MidlandsLeicester East
76%
East MidlandsLeicester South
76%
East MidlandsLeicester West
76%
EasternLuton North
76%
EasternMid Norfolk
76%
WalesNeath and Swansea East
76%
EasternNorth Norfolk
76%
EasternNorth West Norfolk
76%
East MidlandsNottingham East
76%
East MidlandsNottingham South
76%
South EastRomsey and Southampton
76%
South EastSouthampton Itchen
76%
South EastSouthampton Test
76%
EasternSouth Norfolk
76%
EasternSouth West Norfolk
76%
WalesSwansea West
76%
South EastWeald of Kent
76%
North WestBarrow and Furness
72%
South WestBournemouth East
72%
South WestBournemouth West
72%
LondonChelsea and Fulham
72%
North EastCity of Durham
72%
EasternColchester
72%
West MidlandsCoventry East
72%
West MidlandsCoventry North West
72%
West MidlandsCoventry South
72%
LondonCroydon East
72%
LondonCroydon South
72%
LondonCroydon West
72%
LondonDagenham and Rainham
72%
Northern IrelandEast Antrim
72%
EasternEly and East Cambridgeshire
72%
South EastFaversham and Mid Kent
72%
Northern IrelandFermanagh and South Tyrone
72%
North EastHoughton and Sunderland
72%
North WestLancaster and Wyre
72%
South WestMid Dorset and North Poole
72%
Northern IrelandNorth Antrim
72%
North EastNorth Durham
72%
ScotlandPerth and Kinross-shire
72%
South WestPoole
72%
North WestPreston
72%
Northern IrelandSouth Antrim
72%
EasternSouthend West and Leigh
72%
EasternSouth Suffolk
72%
West MidlandsStafford
72%
North WestStockport
72%
West MidlandsStoke-on-Trent Central
72%
West MidlandsStoke-on-Trent North
72%
West MidlandsStoke-on-Trent South
72%
LondonStreatham and Croydon North
72%
EasternSuffolk Coastal
72%
North EastSunderland Central
72%
EasternWest Suffolk
72%
North WestBlackpool North and Fleetwood
68%
North WestBlackpool South
68%
LondonBrentford and Isleworth
68%
South WestCentral Devon
68%
East MidlandsCorby and East Northamptonshire
68%
South EastGodalming and Ash
68%
North EastHartlepool
68%
EasternIpswich
68%
North EastJarrow and Gateshead East
68%
West MidlandsKingswinford and South Staffordshire
68%
LondonLewisham West and East Dulwich
68%
Northern IrelandNewry and Armagh
68%
South WestNorth Cornwall
68%
South WestNorth Devon
68%
Northern IrelandNorth Down
68%
West MidlandsNorth Shropshire
68%
EasternPeterborough
68%
South WestPlymouth Moor View
68%
South WestPlymouth Sutton and Devonport
68%
South EastReading Central
68%
South EastReading West and Mid Berkshire
68%
Yorkshire & HumberRichmond and Northallerton
68%
North WestRochdale
68%
Yorkshire & HumberSheffield Brightside and Hillsborough
68%
Yorkshire & HumberSheffield Central
68%
Yorkshire & HumberSheffield Hallam
68%
Yorkshire & HumberSheffield Heeley
68%
Yorkshire & HumberSheffield South East
68%
South EastSlough
68%
South WestSouth Devon
68%
Northern IrelandSouth Down
68%
South WestSouth East Cornwall
68%
West MidlandsSouth Shropshire
68%
South WestSouth West Devon
68%
West MidlandsStaffordshire Moorlands
68%
LondonStratford and Bow
68%
LondonSutton and Cheam
68%
West MidlandsWalsall and Bloxwich
68%
North EastWashington and Gateshead South
68%
South EastWinchester
68%
West MidlandsWolverhampton North East
68%
West MidlandsWolverhampton South East
68%
West MidlandsWolverhampton West
68%
West MidlandsWorcester
68%
North WestWythenshawe and Sale West
68%
ScotlandAberdeenshire North and Moray East
64%
North WestAltricham and Sale West
64%
ScotlandAyr, Carrick and Cumnock
64%
EasternBasildon and Billericay
64%
North WestBirkenhead
64%
South EastBuckingham and Bletchley
64%
North WestBurnley
64%
South EastCanterbury
64%
LondonEast Ham
64%
North EastGateshead Central and Whickham
64%
EasternHarwich and North Essex
64%
EasternHertford and Stortford
64%
Yorkshire & HumberHuddersfield
64%
LondonIslington North
64%
LondonIslington South and Finsbury
64%
EasternMid Bedfordshire
64%
North EastMiddlesbrough South and East Cleveland
64%
East MidlandsMid Leicestershire
64%
South EastMilton Keynes Central
64%
South EastMilton Keynes North
64%
North WestMorecambe and Lunesdale
64%
WalesNewport East
64%
WalesNewport West and Islwyn
64%
East MidlandsNorthampton North
64%
East MidlandsNorthampton South
64%
EasternNorth Bedfordshire
64%
South WestNorth Dorset
64%
EasternNorth East Cambridgeshire
64%
EasternNorth West Cambridgeshire
64%
East MidlandsNorth West Leicestershire
64%
ScotlandPaisley and Renfrewshire North
64%
ScotlandPaisley and Renfrewshire South
64%
EasternSouth Basildon and East Thurrock
64%
EasternSouth Cambridgeshire
64%
South WestSouth Dorset
64%
East MidlandsSouth Leicestershire
64%
North WestSt Helens North
64%
North WestSt Helens South and Whiston
64%
EasternSt Neots and Mid Cambridgeshire
64%
South WestSwindon North
64%
South WestSwindon South
64%
West MidlandsWarwick and Leamington
64%
EasternWatford
64%
ScotlandWest Aberdeenshire and Kincardine
64%
South WestWest Dorset
64%
North WestWirral West
64%
WalesWrexham
64%
ScotlandAngus and Perthshire Glens
60%
South EastAshford
60%
South WestBath
60%
North EastBlyth and Asington
60%
East MidlandsBoston and Skegness
60%
Yorkshire & HumberBradford East
60%
Yorkshire & HumberBradford South
60%
Yorkshire & HumberBradford West
60%
East MidlandsChesterfield
60%
North WestCrewe and Nantwich
60%
North EastDarlington
60%
East MidlandsDerbyshire Dales
60%
South EastEastleigh
60%
South EastEast Surrey
60%
ScotlandFalkirk
60%
South WestFrome and East Somerset
60%
Yorkshire & HumberGreat Grimsby and Cleethorpes
60%
EasternGreat Yarmouth
60%
Yorkshire & HumberHarrogate and Knaresborough
60%
LondonHarrow East
60%
LondonHarrow West
60%
ScotlandInverclyde and Renfrewshire West
60%
South EastIsle of Wight East
60%
South EastIsle of Wight West
60%
South EastLewes
60%
LondonLewisham East
60%
LondonLewisham North
60%
North WestMacclesfield
60%
East MidlandsMansfield
60%
East MidlandsMid Derbyshire
60%
North EastMiddlesbrough and Thornaby
60%
East MidlandsNorth East Derbyshire
60%
South WestNorth East Somerset and Hanham
60%
South WestNorth Somerset
60%
EasternNorth West Essex
60%
LondonOld Bexley and Sidcup
60%
ScotlandOrkney and Shetland
60%
East MidlandsSouth Derbyshire
60%
EasternSouthend East and Rochford
60%
EasternSt Albans
60%
ScotlandStirling and Strathallan
60%
West MidlandsStratford-on-Avon
60%
South EastSurrey Heath
60%
WalesVale of Glamorgan
60%
Yorkshire & HumberWakefield and Rothwell
60%
North WestWarrington North
60%
North WestWarrington South
60%
LondonWest Ham and Beckton
60%
North WestWestmorland and Lonsdale
60%
Northern IrelandWest Tyrone
60%
North WestWigan
60%
ScotlandArgyll, Bute and South Lochaber
56%
ScotlandBerwickshire, Roxburgh and Selkirk
56%
North WestBlackburn
56%
North WestBootle
56%
LondonBromley and Biggin Hill
56%
South EastChichester
56%
WalesClwyd East
56%
WalesClwyd North
56%
ScotlandCowdenbeath and Kirkcaldy
56%
Yorkshire & HumberDewsbury and Batley
56%
West MidlandsDudley
56%
ScotlandDumfries and Galloway
56%
LondonEaling Cenral and Acton
56%
South EastEastbourne
56%
South EastEast Worthing and Shoreham
56%
LondonEnfield North
56%
South WestExeter
56%
South WestExmouth and Exeter East
56%
LondonHackney north and Stoke Newington
56%
LondonHackney south and Shoreditch
56%
North WestHazel Grove
56%
West MidlandsHereford and South Herefordshire
56%
North EastHexham
56%
LondonHornsey and Friern Barnet
56%
LondonKensington and Bayswater
56%
LondonKingston and Surbiton
56%
South EastMaidenhead
56%
WalesMid and South Pembrokeshire
56%
South EastMid Sussex
56%
ScotlandMoray West, Nairn and Strathspey
56%
ScotlandMotherwell, Wishaw and Carluke
56%
ScotlandNa h-Eileanan an Iar
56%
South EastNew Forest East
56%
South EastNew Forest West
56%
EasternNorth East Hertfordshire
56%
Yorkshire & HumberRotherham
56%
Yorkshire & HumberRother Valley
56%
West MidlandsRugby
56%
East MidlandsRutland and Stamford
56%
North WestSalford
56%
West MidlandsShrewsbury
56%
East MidlandsSouth Northamptonshire
56%
North WestSouthport
56%
EasternSouth West Hertfordshire
56%
South EastSussex Weald
56%
South WestTaunton and Wellington
56%
South WestTruro and Falmouth
56%
LondonUxbridge and South Ruislip
56%
LondonVauxhalla and Camberwell Green
56%
North WestWest Lancashire
56%
West MidlandsWest Worcestershire
56%
South EastWoking
56%
LondonBattersea
52%
LondonBermondsey and Southwark
52%
EasternBroadland and Fakenham
52%
ScotlandCentral Ayrshire
52%
North WestCheadle
52%
EasternChelmsford
52%
LondonChipping Barnet
52%
South WestChristchurch
52%
South EastCrawley
52%
Yorkshire & HumberDoncaster Central
52%
Yorkshire & HumberDoncaster East and the Isle of Axholme
52%
Yorkshire & HumberDoncaster North
52%
LondonEaling North
52%
LondonEaling Southall
52%
ScotlandEast Renfrewshire
52%
South EastEpsom and Ewell
52%
South EastEsher and Walton
52%
LondonFinchley and Golders Green
52%
ScotlandGordon and Buchan
52%
LondonGreenwich and Woolwich
52%
South EastGuildford
52%
South EastHenley and Thame
52%
South EastHove and Portslade
52%
West MidlandsMeriden and Solihull East
52%
ScotlandMidlothian
52%
ScotlandNorth Ayrshire and Arran
52%
ScotlandNorth East Fife
52%
West MidlandsNorth Herefordshire
52%
West MidlandsNorth Warwickshire and Bedworth
52%
North EastRedcar
52%
North EastStockton North
52%
North EastStockton West
52%
North WestTatton
52%
LondonTottenham
52%
North EastTynemouth
52%
LondonWimbledon
52%
North WestWorsley and Eccles
52%
South EastWorthing West
52%
South EastWycombe
52%
East MidlandsAshfield
48%
South EastAylesbury
48%
LondonBarking
48%
South EastBasingstoke
48%
North EastBlaydon and Consett
48%
EasternBraintree
48%
WalesBrecon, Radnor and Cwm Tawe
48%
West MidlandsBurton and Uttoxeter
48%
South WestCheltenham
48%
EasternClacton
48%
South EastDartford
48%
South EastEast Hampshire
48%
South EastFareham and Waterlooville
48%
South WestForest of Dean
48%
East MidlandsGainsborough
48%
ScotlandHamilton and Clyde Valley
48%
EasternHarlow
48%
LondonHayes and Harlington
48%
East MidlandsKettering
48%
ScotlandKilmarnock and Loudon
48%
North WestLeigh and Aytherton
48%
South EastMaidstone and Malling
48%
Northern IrelandMid Ulster
48%
WalesMontgomeryshire and Glyndwr
48%
East MidlandsNewark
48%
South EastNorth East Hampshire
48%
South EastNorth West Hampshire
48%
LondonOrpington
48%
LondonPoplar and Limehouse
48%
LondonPutney
48%
North WestRibble Valley
48%
Yorkshire & HumberScunthorpe
48%
West MidlandsSolihull west and Shirley
48%
North WestSouth Ribble
48%
West MidlandsStone, Great Wyrley and Penkridge
48%
LondonTwickenham
48%
Northern IrelandUpper Bann
48%
North WestWallasey
48%
East MidlandsWellingborough and Rushden
48%
North WestWhitehaven and Workington
48%
South WestYeovil
48%
South EastAldershot
44%
East MidlandsAmber valley
44%
North WestAshton-Under-Lyne
44%
South EastBanbury
44%
WalesBangor Aberconwy
44%
LondonBexleyheath and Crayford
44%
South EastBognor Regis and Littlehampton
44%
East MidlandsBolsover
44%
EasternBrentwood and Ongar
44%
WalesCeredigion Preseli
44%
South EastDidcot and Wantage
44%
ScotlandDumfriesshire, Clydesdale and Tweeddale
44%
ScotlandEast Kilbride and Strathaven
44%
South EastEast Thanet
44%
East MidlandsGedling
44%
South EastGillingham and Rainham
44%
North WestGorton and Denton
44%
LondonHammersmith and Chiswich
44%
LondonHampstead and Highgate
44%
South EastHastings and Rye
44%
West MidlandsLichfield
44%
ScotlandMid Dunbartonshire
44%
South EastNewbury
44%
West MidlandsNuneaton
44%
South EastRochester and Strood
44%
LondonRuislip North, Northwood and Pinner
44%
East MidlandsSouth Holland and The Deepings
44%
North WestStalybridge and Hyde
44%
South WestSt Austell and Newquay
44%
EasternStevenage
44%
South WestSt Ives
44%
Northern IrelandStrangford
44%
South WestStroud
44%
West MidlandsTamworth
44%
West MidlandsTelford
44%
EasternThurrock
44%
West MidlandsWest Bromwich
44%
ScotlandWest Dunbartonshire
44%
South WestWeston-super-Mare
44%
EasternWitham
44%
South EastWokingham
44%
WalesYnys mon
44%
Yorkshire & HumberBarnsley North
40%
Yorkshire & HumberBarnsley South
40%
East MidlandsBassetlaw
40%
East MidlandsBroxtowe
40%
South WestCambourne and Redruth
40%
LondonCarshalton and Wallington
40%
South EastChesham and Amersham
40%
LondonChingford and Woodford Green
40%
North WestChorley
40%
North WestCongleton
40%
East MidlandsDaventry
40%
LondonDulwich and West Norwood
40%
North EastEasington
40%
South EastFolkestone and Hythe
40%
EasternHertsmere
40%
EasternHuntingdon
40%
North WestHyndburn
40%
LondonIlford North
40%
LondonIlford South
40%
Yorkshire & HumberKeighley and Ilkley
40%
North WestKnowsley
40%
Northern IrelandLagan Valley
40%
ScotlandLivingston
40%
ScotlandLothian East
40%
East MidlandsLoughborough
40%
South EastMid Buckinghamshire
40%
LondonMitcham and Morden
40%
WalesMonmouthshire
40%
South WestNorth Cotswolds
40%
North WestPendle and Clitheroe
40%
North WestPenrith and Soloway
40%
South WestSalisbury
40%
Yorkshire & HumberScarborough and Whitby
40%
Yorkshire & HumberSkipton and Ripon
40%
East MidlandsSleaford and North Hykeham
40%
South WestSouth Cotswolds
40%
South WestTiverton and Minehead
40%
South WestWells and Mendip Hills
40%
South EastWitney
40%
West MidlandsAldridge-Brownhills
36%
Yorkshire & HumberBeverley and Holderness
36%
South EastChatham and Aylesford
36%
ScotlandCumbernauld and Kirkintilloch
36%
South WestEast wiltshire
36%
Northern IrelandFoyle
36%
South WestGlastonbury and Somerton
36%
Yorkshire & HumberHalifax
36%
East MidlandsHarborough, Oadby and Wigston
36%
South EastHavant
36%
EasternHemel Hempstead
36%
LondonHolborn and St Pancras
36%
LondonHornchurch and Upminster
36%
East MidlandsLouth and horncastle
36%
North WestMid Cheshire
36%
North EastNorth Northumberland
36%
WalesRhondda and Ogmore
36%
LondonRomford
36%
East MidlandsRushcliffe
36%
North WestSefton Central
36%
Yorkshire & HumberSelby
36%
Yorkshire & HumberShipley
36%
North EastSouth Shields
36%
South WestSouth West Wiltshire
36%
North WestStretford and Urmston
36%
South EastTonbridge
36%
South WestTorbay
36%
ScotlandAirdrie and Shotts
32%
WalesAlyn and Deeside
32%
West MidlandsBromsgrove
32%
ScotlandCoatbridge and Bellshill
32%
North WestEllesmere Port and Bromborough
32%
EasternEpping forest
32%
LondonFeltham and Heston
32%
Yorkshire & HumberGoole and Pocklington
32%
South EastGosport
32%
WalesGower
32%
South EastGravesham
32%
North WestHeywood and Middleton North
32%
East MidlandsHigh Peak
32%
South EastHorsham
32%
LondonLeyton and Wanstead
32%
WalesLlanelli
32%
EasternMaldon
32%
West MidlandsRedditch
32%
South EastReigate
32%
North WestRuncorn and Helsby
32%
ScotlandRutherglen
32%
South EastSevenoaks
32%
South EastSpelthorne
32%
West MidlandsThe Wrekin
32%
Yorkshire & HumberThirsk and Malton
32%
LondonTooting
32%
EasternWaveney Valley
32%
South EastBeaconsfield
28%
Yorkshire & HumberBrigg and Immingham
28%
Yorkshire & HumberCalder Valley
28%
EasternCastle point
28%
South WestChippenham
28%
Yorkshire & HumberColne Valley
28%
LondonEdmonton and Winchmore
28%
LondonEltham and Chislehurst
28%
East MidlandsErewash
28%
LondonErith and Thameshead
28%
South WestFilton and Bradley Stoke
28%
North WestFylde
28%
West MidlandsHalesowen
28%
EasternLowestoft
28%
WalesMerthyr Tydfil and Aberdare
28%
Yorkshire & HumberPenistone and Stocksbridge
28%
Yorkshire & HumberPontefract, Castleford and Knottingley
28%
South EastRunnymede and Weybridge
28%
South EastSittingbourne and Sheppey
28%
Yorkshire & HumberSpen Valley
28%
South WestTewkesbury
28%
South EastTunbridge Wells
28%
LondonWalthamstow
28%
South EastArundel and South Downs
24%
LondonBeckenham and Penge
24%
LondonBethnal Green and Stepney
24%
South EastBracknell
24%
WalesBridgend
24%
EasternBroxbourne
24%
WalesCaerphilly
24%
ScotlandCaithness, Sutherland and Easter Ross
24%
ScotlandDunfermline and Dollar
24%
WalesDwyfor Meirionnydd
24%
East MidlandsHinckley and bosworth
24%
South WestHoniton and Sidmouth
24%
South WestNewton Abbot
24%
Yorkshire & HumberNormanton and Hemsworth
24%
LondonPeckham
24%
EasternRayleigh and Wickford
24%
West MidlandsStourbridge
24%
South WestThornbury and Yate
24%
West MidlandsWyre Forest
24%
ScotlandBathgate and Linlithgow
20%
North WestBlackley and Middleton South
20%
EasternBury St Edmunds and Stowmarket
20%
West MidlandsCannock Chase
20%
South EastDorking and Horley
20%
EasternHarpenden and Berkhamsted
20%
EasternHitchin
20%
North WestMakerfield
20%
South WestMelksham and Devizes
20%
LondonRichmond Park
20%
North WestRossendale and Darwin
20%
WalesTorfaen
20%
EasternWelwyn Hatfield
20%
ScotlandAlloa and Grangemouth
16%
South EastBexhill and Battle
16%
South EastBicester and Woodstock
16%
North EastCramlington and Killingworth
16%
LondonHendon
16%
South EastHerne Bay and Sandwich
16%
WalesPontypridd
16%
LondonQueen's Park and Maida Vale
16%
LondonSouthgate and Wood green
16%
West MidlandsSutton Coldfield
16%
ScotlandArbroath and Broughty Ferry
12%
North EastBishop Aukland
12%
WalesBlaenau Gwent and Rhymney
12%
South WestBridgwater
12%
Yorkshire & HumberBridlington and The Wolds
12%
South EastEast Grinstead and Uckfield
12%
East MidlandsMelton and Syston
12%
North EastNewton Aycliffe and Spennymore
12%
Yorkshire & HumberOssett and Denby Dale
12%
East MidlandsSherwood Forest
12%
South WestTorridge and Tavistock
12%
North WestWhidnes and Halewood
12%
West MidlandsDroitwich and Evesham
8%
South EastEarley and Woodley
8%
South EastFarnham and Bordon
8%
South EastHamble Valley
8%
West MidlandsTipton and Wednesbury
8%
Yorkshire & HumberWetherby and Easingwold
8%
WalesAberafan Maesteg
4%
WalesCaerfyrddin
4%
LondonClapham and Brixton Hill
4%
EasternDunstable and Leighton Buzzard
4%
Yorkshire & HumberRawmarsh and Conisbrough
4%
West MidlandsSmethwick
4%

Score Distribution

Percentile by Number Answered

Percent of People with Each Score

Your Score History

You have not taken this quiz